[Event "RUS-ch51"]
[Site "St Petersburg"]
[Date "1998.08.02"]
[Round "6"]
[White "Yagupov, Igor"]
[Black "Loginov, Valery A"]
[Result "1-0"]
[WhiteElo "2450"]
[BlackElo "2520"]
[Annotator "Ftacnik,L"]
[PlyCount "121"]
[EventDate "1998.07.28"]
[EventType "swiss"]
[EventRounds "11"]
[EventCountry "RUS"]
[SourceTitle "CBM 067"]
[Source "ChessBase"]
[SourceDate "1998.11.30"]
[SourceVersion "2"]
[SourceVersionDate "1998.11.01"]
[SourceQuality "1"]

1. e4 {Lukacs} c5 2. Nf3 d6 3. d4 cxd4 4. Nxd4 Nf6 5. Nc3 a6 6. a4 {Lukacs:
'White wants to play a positional game transposing to the Scheweningen with
Be2. '} Nc6 7. f4 e6 8. Be3 Qc7 9. Be2 Be7 10. O-O O-O 11. Kh1 Re8 12. Bf3 Na5
{Lukacs: 'Black wants to insert pressure on the \<< by Nc4.'} 13. g4 $5 {
Lukacs: 'This is the most agressive reply here.' Black threatens unpleasantly
with Nc4 so white feels obliged to counter with force. The absence of knight
on c6 lessens the pressure against white center.} (13. Qe1 Nc4 14. Bc1 e5 15.
Nde2 Qc5 16. Ng3 (16. fxe5 dxe5 17. Ng3 Be6 18. b3 Nb6 19. Nf5 Bxf5 20. exf5
Qc7 $10 {0-1 Zagrebelny,S-Wojtkiewicz,A/Katowice op (09) 1992 (40)}) (16. Qg3
Bd7 17. fxe5 Nxe5 18. Nf4 Nxf3 19. Qxf3 Bc6 $13 {Glek,I-Sutovskij,E Haifa 1996}
) 16... exf4 17. Bxf4 Nxb2 18. Be3 Qe5 19. Be2 Be6 20. Nf5 Bxf5 21. Rxf5 Qe6
22. Rf4 Rac8 23. Bd4 Nc4 24. Qg3 Ne5 {1/2-1/2 Fedorowicz,J-Arnason,J/St Martin
op (09) 1992}) (13. Bg1 Bf8 (13... Nd7 14. Qe1 Bf6 15. Rd1 Nf8 16. g4 Ng6 17.
Bg2 h6 18. Rd3 Nc6 19. Nde2 Nb4 20. Rh3 e5 21. f5 Nf4 $10 {Apicella,
M-Panzalovic,S/Biel op (08) 1990/0-1 (59)}) 14. Qe1 Rb8 15. h3 Nd7 16. Bh2 Nc6
17. Rd1 Nxd4 18. Rxd4 b5 19. axb5 axb5 20. e5 $14 {Kasparov,G-Topalov,V Dos
Hermanas 1996/1/2-1/2/48/}) (13. Qe2 Nc4 14. e5 Nxe3 15. exf6 Nxf1 16. fxe7 Qb6
17. Qd3 e5 $17 {0-1 Geller,E-Stangl,M/Dortmund-B (9) 1991 (45)}) (13. Qd3 Bf8
14. Rad1 Rb8 15. b3 Bd7 16. Nde2 Nc6 17. g4 Bc8 18. g5 Nd7 19. Bg2 g6 20. Bg1
Nb4 21. Qg3 b6 22. h4 Bb7 23. h5 Bg7 24. Bd4 e5 $15 {(42) 0-1 Gurevich,
I-Arnason,J/St Martin op (08) 1992}) 13... Nc4 (13... e5 14. Nf5 Bxf5 15. exf5
e4 16. g5 (16. Be2 $1 $16 {/\ g5}) 16... exf3 17. gxf6 Bxf6 18. Nd5 Qc6 19.
Nxf6+ gxf6 20. Rxf3 Nc4 21. Bd4 Nd2 {0-1 Sampson,M-Nicholson,J/BCF-ch 1987/ 
(37)}) (13... Bf8 14. g5 Nd7 15. Bg2 g6 16. Bg1 b6 17. Qd3 Bb7 18. Qh3 Nc6 19.
f5 Nde5 20. fxe6 Nxd4 21. exf7+ Nxf7 22. Bxd4 Nxg5 23. Qe3 {1-0 Morawietz,
D-Dokhoian,Y/Porz/1991/ (46)}) (13... Nd7 14. Bg2 (14. g5 Bf8 15. Nde2 b6 16.
h4 Bb7 17. h5 Rac8 18. Bg1 Nc6 19. Rf2 Nc5 $13 {Van der Wiel-De Boer, Holland
1993}) 14... Bf8 (14... b6 15. Qe1 Bb7 16. Rd1 Rac8 (16... Nc6 17. Nde2 Nb4 18.
Rd2 Rac8 19. g5 $40) 17. g5) 15. Qe1 (15. g5 b6 (15... g6 16. Qe1 Rb8 $6 17.
Rd1 b6 18. Bg1 Bb7 19. Rd3 $1 Bg7 20. Qh4 Nc6 {[#]} 21. Ndb5 $4 (21. Nde2 $1
Nb4 22. Rh3 Nf8 23. f5 exf5 (23... Be5 24. f6 h5 25. Bf3 $1) (23... Nxc2 24. f6
Bh8 25. Qf2 $44) 24. exf5 Bxg2+ 25. Kxg2 Qc6+ 26. Rff3 Nxc2 27. f6 Bh8 28. Bf2)
21... axb5 $19 22. Nxb5 Qd8 23. Nxd6 Ba6 {1/2-1/2 Shchekachev,A-Novgorodskij,V/
Nizhnij Novgorod 1998/ (47)}) 16. Qh5 $40 (16. Bg1 Bb7 17. Nde2 {1/2-1/2
Voitsekhovsky,S-Galkin,A/Sochi 1997/CBM 62 (17)})) 15... b6 16. Rd1 Bb7 17. Qh4
Nc6 (17... Nc4 18. Bc1 g6 19. Rd3 $40) 18. Nde2 $1 Nb4 19. Rd2 Qd8 (19... d5
20. e5 f6 21. exf6 Nxf6 22. Bd4 $14) 20. g5 f6 (20... g6 21. Rf3 Rc8 22. Rh3 h5
23. Ng3 $40 {xh5}) (20... h6 $5 {Dolmatov} 21. Nd4 $5 (21. Qf2 hxg5 22. fxg5
Ne5) 21... hxg5 22. fxg5 Ne5 23. Rdf2) 21. Nd4 $1 {[%csl Re6] 1-0 Anand,
V-Topalov,V/Dortmund 1996/CBM 54/ (38)}) 14. Bc1 e5 $6 {[%mdl 16384] Lukacs:
'From strategical point of view this is a big mistake.' A dangerous weakness
is created on the square d5, in the moment when the knight from f6 will be
pushed away by g4-g5. Black will not get enough compensation for it.} (14...
Bf8 15. g5 Nd7 16. Bg2 Rb8 17. b3 Na5 18. Bb2 b6 19. Rf3 Bb7 20. Rh3 g6 {
0-1 Heumann,J-Pasedag,P/Bayern 1997/ (47)}) (14... Rb8 {(Lukacs) deserves
attention here, for example:} 15. g5 Nd7 16. b3 Na5 17. Bb2 $14) (14... d5 {
(Lukacs) is always worthy of attention in case of g2-g4 in the Sicilian!} 15.
e5 (15. exd5 {accepting the P sacrifice is dangerous, because the position
will be opened up, and the weakness of g4 begins to tell.} Nxd5 16. Bxd5 (16.
Nxd5 exd5 17. Bxd5 Rd8 $44) 16... exd5 17. Nxd5 Qc5 18. Nxe7+ Rxe7 $44) (15. g5
Nxe4 16. Nxe4 dxe4 17. Bxe4 Rd8) 15... Nd7 16. g5 (16. Qe2 g5 $5 17. b3 (17.
Nxd5 $6 exd5 18. Bxd5 Ndb6) 17... Ncxe5 $1 18. Nxd5 exd5 19. fxe5 Nxe5) 16...
b6 17. Bg2 Bb7 18. Rf3 g6 19. b3 Na5 {with a complicated middlegame.}) 15. Nf5
{Lukacs: 'Now White has a big advantage here, the strong N on f5 cannot be
tolerated.'} Bxf5 (15... exf4 16. g5 $16) 16. exf5 {Lukacs: 'The g4 P is
rolling ahead driving away the N from the defence of the vital squares d5 and
e4.'} exf4 (16... d5 17. g5 (17. Nxd5 Nxd5 18. Qxd5 $16) 17... d4 18. gxf6 dxc3
19. fxe7 cxb2 20. Bxb2 Nxb2 21. Qc1 e4 22. Rg1 Qc3 23. Bxe4 Rxe7 24. Rg3 Qf6
25. Bg2 Rae8 {0-1 Cox,J-Ligterink,G/Oxford 1984/ (31)}) (16... e4 $2 {(Lukacs)
is typical in these situations to activate the black pieces, but here it is
inferior.} 17. Nxe4 Nxe4 18. Bxe4 Bf6 19. Bd5 Nxb2 (19... Bxb2 20. Rb1 Bxc1 21.
Rxb7 Ne3 22. Rxc7 Nxd1 23. Rxd1 $18) 20. Bxb2 Bxb2 21. Rb1 $18) 17. g5 Nd7 18.
Bxf4 Bf8 (18... Nxb2 19. Nd5 Qc4 (19... Qc5 {Lukacs} 20. Qb1 $1 (20. Nxe7+ Rxe7
21. Qxd6 Nc4) 20... Nc4 21. Qxb7 $16) 20. Qb1 $1 Nxa4 21. Qxb7 Rad8 22. Qc7
Qxc7 23. Nxc7 $16) 19. Nd5 Qd8 20. Bg2 {Lukacs: 'White has a strategically
winning position. His excellent N on d5 dominates the board, his ^^ is very
active and his Ps on f5 and g5 are frightening for Black. Meanwhile Black's
weak P on d6 kills the B on f8.' White has bishop pair, control of the d5
square and active pawn ready for an attack. Black was not even able to win b2
pawn as a shade of compensation.} Rc8 (20... Nxb2 $2 21. Qd4 $18) 21. b3 Nce5 (
21... Ncb6 22. a5 Nxd5 23. Bxd5 Qc7 24. g6 $18) 22. Rf2 (22. c4 {Lukacs} Nc5 {
>< d3}) 22... Kh8 (22... Nb6 $5 $14) 23. Qh5 g6 (23... Nb6 24. Rd1) 24. Qh3 {
'!' Lukacs.} (24. Qh4 {Lukacs} gxf5 25. Bh3 Ng6) 24... Bg7 (24... gxf5 25. Qxf5
Bg7 26. Rd1 $16) 25. f6 (25. Rd1 $5 {(Lukacs) was also very promising to keep
the tension on the >>.} gxf5 26. Qxf5 Re6 27. Be4 Nf8 28. Nf6) 25... Bf8 26.
Be3 h5 {Lukacs: 'Now the B on f8 is dead forever.'} (26... Nc5 27. Rd1 $16) 27.
Bd4 {'+-' Lukacs.} (27. gxh6 Kh7 (27... Re6 {Lukacs} 28. Bg5) 28. c4 $16) 27...
Kg8 28. Nf4 Qa5 $6 (28... Qc7 29. Nd5 Qb8) 29. Bxb7 (29. Bd5 {Lukacs} Ng4)
29... Ng4 {Lukacs: 'Black finds the best way for complicating matters, but his
position is too bad to escape.'} (29... Rb8 {Lukacs} 30. Bd5 Ng4 31. Rff1) (
29... Rc7 {Lukacs} 30. Bf3) 30. Bxc8 Rxc8 (30... Nxf2+ 31. Bxf2 Rxc8 32. Qxd7
Rxc2 33. Rf1 Qxg5 34. Bd4 $18) 31. Rg2 Qf5 (31... Qxg5 32. Rf1 $16) 32. Nd3
Qxg5 33. Qf3 {White only has to prevent loss of all kingside pawns, since then
opponent could hope for some counterplay.} Re8 (33... Ndxf6 34. Qb7 (34. Rf1
Bg7 35. h3 Qh4 36. Kg1 Ne5 $14) 34... Re8 35. Qxa6 $18) 34. Rf1 Nde5 35. Qf4 (
35. Bxe5 dxe5 36. Nf2 Qxf6 37. Nxg4 Qxf3 38. Rxf3 hxg4 39. Rxg4 $18) 35... Qxf4
(35... Bh6 36. Qxg5 Bxg5 37. Nb4 a5 38. Nd5 $18) 36. Nxf4 Nc6 (36... Nxf6 37.
Nxg6 $1 $18) 37. Bb6 (37. Bc3 Re4 (37... Ne3 38. Re2 $18) 38. Nd5 $18) 37...
Re5 38. h3 (38. Nxh5 $5 gxh5 39. h3 Rg5 40. hxg4 hxg4 41. Rd1 $18) 38... Nh6
39. Nd3 (39. c4 Nb4 40. Bd4 Re4 41. Bc3 $18) 39... Re4 40. Re1 Rh4 (40... Rxe1+
41. Nxe1 $18) 41. Kh2 Ne5 42. Nxe5 dxe5 43. Bc7 (43. Rxe5 $4 Bd6 $1 (43... Ng4+
44. Kg3 Rxh3+ 45. Kxh3 Nxe5 46. Rd2 $18) 44. Rge2 Ng4+ 45. Kg3 Nxe5 46. Kxh4
Nf3#) 43... e4 44. Rg5 (44. Bg3 $2 Ng4+ 45. Kg1 Bc5+ 46. Kf1 Rxh3 47. Rxe4 Ne3+
48. Rxe3 Bxe3 $13) 44... Bb4 (44... e3 45. Bb6 Nf5 46. Rxf5 gxf5 47. Rxe3 $18)
45. Re2 e3 46. Kg2 Nf5 (46... Re4 47. Re5 (47. Kf3 Rh4 (47... Re6 48. Rxe3
Rxf6+ 49. Bf4 $18) 48. Bg3 Rxh3 49. Kg2 $18) 47... Rxe5 48. Bxe5 Bd2 49. c4 $18
) 47. Rxf5 $1 {[%mdl 4096] Lukacs: 'liquidating for an easy win in the _|_.'
The advantage is huge even without spare exchange and technically this is the
easiest way.} gxf5 48. Rxe3 Rd4 (48... Re4 49. Kf3 Re6 50. Be5 $18) 49. c3 Rd2+
50. Kg3 Bc5 (50... Bd6+ 51. Bxd6 Rxd6 52. Kh4 Rxf6 53. Kxh5 $18) 51. Rf3 Rc2
52. Kf4 Bf2 (52... Rb2 53. b4 Bf2 54. Kxf5 $18) 53. Kxf5 Be1 54. Be5 $18 a5 (
54... Kh7 55. b4 $18) 55. Ke4 $1 Kh7 56. Kd3 Rb2 57. Kc4 Kg6 58. Bc7 Bh4 59.
Bxa5 Bxf6 60. Bb6 Be7 61. a5 (61. a5 f5 62. a6 Ra2 63. a7 Kf6 64. Kb5 $18) 1-0

[Event "Bundesliga 0607"]
[Site "Germany"]
[Date "2006.11.18"]
[Round "3.4"]
[White "Czarnota, Pawel"]
[Black "Ribli, Zoltan"]
[Result "1-0"]
[WhiteElo "2554"]
[BlackElo "2584"]
[Annotator "Ftacnik,L"]
[PlyCount "65"]
[EventDate "2006.10.28"]
[EventType "team-tourn"]
[EventRounds "15"]
[EventCountry "GER"]
[SourceTitle "CBM 116"]
[Source "ChessBase"]
[SourceDate "2007.02.01"]
[SourceVersion "1"]
[SourceVersionDate "2007.02.01"]
[SourceQuality "1"]
[WhiteTeam "Wattenscheid"]
[BlackTeam "Tegernsee"]
[WhiteTeamCountry "GER"]
[BlackTeamCountry "GER"]

1. e4 c5 2. Nf3 e6 3. d4 cxd4 4. Nxd4 Nc6 5. Nc3 Qc7 6. Be2 a6 7. O-O Nf6 8.
Be3 Be7 9. f4 d6 10. a4 O-O 11. Kh1 Re8 12. Bd3 Nb4 13. a5 $1 Bd7 14. Qe1 Rac8
{The line with 12.Bd3 grew in popularity and black has to be prepared to solve
some problems.} (14... Bc6 15. Qg3 Bf8 16. Nf3 (16. f5 e5 17. Nf3 d5 $1) 16...
Nxd3 17. cxd3 Rac8 18. Bd4 (18. Bb6 {Smirin,I-Georgiev,Ki/Saint Vincent/ 2005/}
) 18... Qe7 19. Qh3 Nd7 20. f5 exf5 21. Qxf5 g6 22. Qh3 Ne5 23. Rad1 Bg7 {
1/2 Moiseev,V-Schlosser,P/Nettetal 1992/ (29)}) 15. Qg3 Nxd3 (15... Bf8 16. e5
(16. Nb3 g6 17. Bb6 Qb8 18. Rad1 Bg7 $11) 16... Nfd5 17. Bd2 $13) (15... Nh5
16. Qh3 $5) 16. cxd3 Bc6 17. f5 $1 (17. Nf3 Nd7 18. Qf2 (18. Bd4 Bf6 19. Bxf6
Nxf6 20. Qh3 b6 21. f5 e5 22. Rae1 d5 23. exd5 Bxd5 24. axb6 Qxb6 25. Nxd5 Nxd5
26. Nxe5 Qxb2 {1/2 Czarnota,P-Stefansson,H/Kusadasi 2006/ (34)}) 18... Nc5 19.
Qc2 Nd7 20. Qf2 Nc5 21. Qc2 Nd7 22. Qf2 {1/2 Kuczynski,R-Wojtkiewicz,A/
Bydgoszcz 1990/}) 17... e5 18. Nf3 Kh8 $6 {The move was played before, but it
pales to the daring advance in the center 18...d5.} (18... d5 19. Bh6 Bf8 $1 (
19... Nh5 20. Qg4 dxe4 21. dxe4 g6 22. Ng5 Bf6 23. Rf3 Rcd8 24. Rh3 {1-0
Smirin,I-Summermatter,D/Geneve 1992/ (33)}) 20. Bg5 dxe4 $1 21. Nd2 (21. Bxf6
exf3 22. Bxg7 fxg2+ 23. Kg1 gxf1=Q+ 24. Kxf1 f6 $1 $19) 21... Nh5 22. Qg4 e3
$13) 19. Bb6 (19. Qh3 Bf8 20. Bg5 Nd7 21. f6 Nxf6 22. Bxf6 gxf6 23. Nh4 Be7 24.
Nf5 Rg8 25. Qh4 Rg6 $11 {1/2 Nisipeanu,L-Schlosser,P/Noyon 2005/ (43)}) 19...
Qd7 20. Rad1 {Black will have problems to get counterplay as d6-d5 is out of
question. Czarnota has a simple plan of attacking black king.} Bd8 21. Qh4 Kg8
(21... Bxb6 22. axb6 Qd8 23. g4 Qxb6 (23... Kg8 24. g5 Nd7 25. f6 Qxb6 26. g6
$1 Nxf6 27. Ng5 fxg6 28. Rxf6 h6 29. Ne6 $1 $16) 24. g5 Nd7 25. g6 fxg6 26. Ng5
h6 27. fxg6 Qxb2 28. Nf7+ Kg8 29. Nxh6+ gxh6 30. Qxh6 Re7 31. Rf3 $18) 22. Bxd8
Qxd8 23. g4 h6 (23... Qxa5 24. g5 Nd7 25. f6 $40) 24. g5 hxg5 (24... Nh7 25.
Rg1 hxg5 26. Nxg5 Nxg5 27. Rxg5 Kf8 28. Rdg1 Qf6 29. Qh7 $16) 25. Nxg5 {
[%mdl 128] The opening of the g file brings bad news for the survival chances
of the black king.} d5 26. Rf3 d4 (26... dxe4 27. dxe4 Qe7 28. Rh3 $18) 27. Ne2
Qd6 (27... Qxa5 28. Rh3 Kf8 29. Qh8+ Ke7 (29... Ng8 30. Rh7 $18) 30. Qxg7 Rf8
31. Rh6 $18) 28. Rg1 (28. Qh8+ $5 Kxh8 29. Nxf7+ Kg8 30. Nxd6 Nxe4 31. Nxe4 $18
) 28... Kf8 29. Rfg3 Rc7 30. Nh7+ {Ribli never managed to get any real
counterplay, so white did not have to pay much for the pressure along the g
file.} Nxh7 (30... Ke7 31. Rxg7 Rh8 32. Rxf7+ Kxf7 33. Ng5+ $18) 31. Rxg7 Nf6 (
31... Qf6 32. Qxh7 Ke7 33. R1g6 Qxf5 34. Qh4+ Kd7 35. Rf6 $18) 32. Qh6 $1 {
Fine decisive move, it makes no sense to let the black king slip away.} (32.
Qh8+ $6 Ke7 33. Rxf7+ Kd8 34. Rxf6 $16) 32... Rd8 (32... Ke7 33. Rxf7+ Kd8 34.
Rxf6 Qb4 35. Re6 $1 $18) (32... Bb5 33. Rxf7+ Kxf7 34. Qg7#) 33. Qh8+ (33. Qh8+
Ke7 34. Rxf7+ Kxf7 35. Rg7#) 1-0

[Event "Olympiad-33"]
[Site "Elista"]
[Date "1998.10.01"]
[Round "3.1"]
[White "Stefansson, Hannes"]
[Black "Ehlvest, Jaan"]
[Result "0-1"]
[WhiteElo "2535"]
[BlackElo "2620"]
[Annotator "Ftacnik,L"]
[PlyCount "80"]
[EventDate "1998.09.29"]
[EventType "team-swiss"]
[EventRounds "13"]
[EventCountry "RUS"]
[SourceTitle "CBM 068"]
[Source "ChessBase"]
[SourceDate "1999.02.01"]
[SourceVersion "1"]
[SourceVersionDate "1999.02.01"]
[SourceQuality "1"]
[WhiteTeam "Iceland"]
[BlackTeam "Estonia"]
[WhiteTeamCountry "ISL"]
[BlackTeamCountry "EST"]

1. e4 c5 2. Nf3 d6 3. d4 cxd4 4. Nxd4 Nf6 5. Nc3 e6 6. Be2 Be7 7. O-O Nc6 8.
Be3 O-O 9. f4 a6 10. a4 Qc7 11. Kh1 Re8 12. Bf3 Bf8 13. Qd2 (13. Bf2 Nxd4 (
13... Bd7 14. Nb3 b6 15. Bh4) 14. Qxd4 e5 15. Qd2 exf4 16. Bd4 Be7 17. Qxf4 Be6
18. Qg3 Rad8 19. Be2 Kh8 20. Bd3 Qa5 21. Nd5 Bxd5 22. Bc3 Qxc3 (22... Qc5 23.
exd5 $16) 23. bxc3 Bxe4 24. Bxe4 Nxe4 25. Qd3 Bf6 26. Rf4 Nc5 $44 {1/2-1/2
Kaiumov,D-Magerramov,E/URS-ch otbor 1979/MCD-ch (41)}) (13. g4 Nxd4 14. Bxd4 e5
15. Bg1 exf4 16. g5 Nd7 17. Nd5 Qd8 18. Bg2 Re5 19. Rxf4 Rxg5 20. Qd2 Ne5 {
1/2-1/2 Geller,E-Sokolov,A/Sochi 1983/MCL 05 (26)}) 13... Na5 (13... Nxd4 14.
Bxd4 (14. Qxd4 e5 15. Qd2 exf4 16. Bxf4 Be6 17. Rfd1) 14... e5 15. Bg1 Be6 16.
a5 exf4 17. Qxf4 Nd7 18. Nd5 (18. Bd4 Ne5 $11) 18... Bxd5 19. exd5 Ne5 20. c3
g6 21. Bb6 Qd7 22. Bd1 Qe7 23. Bc2 Bg7 {0-1 Large,P-Suba,M/Oviedo 1992/ (42)
0-1}) 14. Qf2 (14. g4 Nc4 15. Qc1 Nxe3 16. Qxe3 e5 17. Nf5 Bxf5 (17... d5 $5)
18. exf5 h6 19. h3 e4 20. Bg2 d5 {0-1 Sakotic,J-Koskoska,G/Dorjan 1996/ (31)
0-1}) (14. b3 $2 d5 $1 15. e5 Bb4 $19) 14... Nc4 15. Bc1 e5 16. Nde2 d5 17.
fxe5 (17. exd5 $2 e4 $19) (17. Nxd5 $2 Nxd5 18. exd5 e4 19. Bh5 g6 $19) 17...
Nxe5 18. Bf4 (18. exd5 Nxf3 19. Qxf3 (19. gxf3 Bh3 20. Rg1 Bc5 21. Nd4 Qe5 $19)
19... Bg4 20. Qg3 (20. Qf2 Bxe2 21. Nxe2 Ng4 $19) 20... Qxg3 (20... Rac8 $5 $44
) 21. Nxg3 Bb4 22. h3 Bd7 23. Nge2 Rac8 $44) (18. Nxd5 Nxd5 19. exd5 Qxc2 $36)
18... dxe4 19. Nxe4 Nd5 (19... Qxc2 $5 20. Nxf6+ gxf6 21. Bxe5 Rxe5 (21... fxe5
22. Bh5) 22. Qh4 Rxe2 23. Rac1 Qxb2 24. Rxc8 Re8 25. Rc7 $11) 20. Bg3 (20. Ng5
Nxf4 21. Nxf4 Qe7 $15) 20... Qb6 {Ehlvest avoids repeating Kasparov's move,
since the way to white's advantage has been already published.} (20... Qe7 $6
21. Rad1 $2 (21. N2c3 $1 Nxc3 (21... Nxf3 22. Nxd5 Qxe4 23. Nc7 $16) 22. Nxc3
Nxf3 23. Nd5 $1 Qe2 24. Nc7 Qxf2 25. Rxf2 Nxh2 26. Nxe8 Ng4 27. Nc7 $1 Ra7 (
27... Nxf2+ 28. Bxf2 Rb8 29. Ba7) 28. Re2 $16) 21... Nxf3 22. gxf3 (22. Qxf3 $2
Bg4 $1 23. Qxg4 Ne3 24. Qf3 (24. Nf6+ Qxf6 25. Rxf6 Nxg4 26. Rf4 Rxe2 27. Rxg4
Rxc2 $17) 24... Nxd1 $17) 22... Nf6 23. N2c3 (23. Bh4 $2 Nxe4 24. Bxe7 Nxf2+
25. Rxf2 Bxe7 $19) 23... Nxe4 24. fxe4 $13 {0-1 Sutovskij,E-Kasparov,G/Tel
Aviv 1998/ (53)}) (20... Qxc2 $142 21. Bh5 g6 22. Bxe5 Bf5 23. Nf6+ Nxf6 24.
Bxf6 gxh5 25. Qxf5 Rxe2 26. Qxh5 Rae8 $11) 21. Nd4 $2 (21. Nf6+ $5 Qxf6 22.
Bxd5 Qxf2 23. Rxf2 Bc5 24. Rff1 Be6 $1 (24... Kh8 25. Nc3 f6 26. Rae1 $14) 25.
Bxb7 Ra7 26. Be4 Nc4 (26... Bc4 27. Rfe1 $16) 27. Nf4 Nxb2 28. Nxe6 Rxe6 $1 $13
) 21... Nxf3 22. Qxf3 Qg6 $1 23. Nf2 (23. Rae1 Bg4 24. Qd3 Nb4 25. Qe3 Bc5 $15)
23... Nb4 24. c3 Nc6 25. Rad1 Bd7 26. Ne2 (26. Nb5 Ne5 $1 27. Bxe5 Bc6 28. Qg3
Rxe5 29. Qxg6 hxg6 30. Nd4 Bxa4 $17) 26... Ne5 $1 {[%mdl 32] Nice tactical
idea, black is banking on his strategical asset in bishop's pair.} 27. Qxb7 (
27. Bxe5 Bc6 28. Qg3 Rxe5 $17) 27... Bxa4 28. Nf4 Qc6 $5 (28... Qh6 29. Rd4 Bc6
30. Qc7 Bc5 $17) 29. Qxc6 Bxc6 30. Nd5 Nc4 $1 {The endgame offers surprisingly
good chances to attack white weaknesses on b2 and g2.} 31. Nc7 (31. b3 Bxd5 32.
Rxd5 Ne3 $17) 31... Ne3 32. Rg1 Nxd1 33. Rxd1 Re2 $1 34. Nxa8 Bxa8 35. h3 Be7
36. Rd7 h5 37. h4 (37. Ra7 Bd5 38. b4 h4 $19) 37... g5 38. hxg5 Bxg5 39. Kg1 h4
40. Be5 $2 (40. Bd6 Rxb2 $17) 40... Rxe5 0-1